El libro de viajes en la España medieval

Guardat en:
Dades bibliogràfiques
Autor principal: Fick, Barbara Willoughby (Autor)
Format: Llibre
Idioma:espanyol
Publicat: Santiago Universitaria 1976
Edició:1a. ed
Col·lecció:Theses et Studia Scholastica, 1
Matèries:
Etiquetes: Afegir etiqueta
Sense etiquetes, Sigues el primer a etiquetar aquest registre!

MARC

LEADER 00000cam a2200000 a 4500
001 UCE8103
003 CL-VaPUC
008 150728e19760000cl |||||||||||||||||spa|d
082 0 4 |a 910.4  |b FIC  |2 21 
100 0 |a Fick, Barbara Willoughby  |e author  |9 580828 
245 1 3 |a El libro de viajes en la España medieval 
250 |a 1a. ed 
300 |a 239 p 
942 |c BK 
945 |d 20150728 02:04:00  |a dcastane 
260 |a Santiago  |b Universitaria  |c 1976 
650 0 |a Viajes y expediciones   |9 408124 
650 0 |a Viajeros  |9 267525 
650 0 |a Edad media  |9 258041 
583 |a last modification  |c 20150728 02:04:00  |k Rodrigo Vera 
490 0 |a Theses et Studia Scholastica, 1 
999 |c 360053  |d 360051 
952 |0 0  |1 0  |3 erb  |4 0  |6 910_400000000000000_FIC_1976  |7 0  |8 A  |9 469679  |a BIBEDU  |b BIBEDU  |e Villagrán Garnham, Jorge  |i 5191424  |o 910.4 FIC 1976  |p 5191424  |r 2019-11-23  |w 2019-11-23  |y BK  |z Catalogado en:20150728  |k LIT